| 000 | 01429nac a22003731u 4500 | ||
|---|---|---|---|
| 003 | EG-ScBUE | ||
| 005 | 20220912094834.0 | ||
| 008 | 200219t2003 nyua f b 001 0 eng d | ||
| 020 | _a007068507X (alk. paper) | ||
| 020 | _a9780070685079 | ||
| 040 |
_aEG-ScBUE _beng _erda _cEG-ScBUE _dEG-ScBUE |
||
| 082 | 0 | 4 |
_a711.4 _bTIM _222 |
| 245 | 0 | 0 |
_aTime-saver standards for urban design / _ceditors, Donald Watson, FAIA, editor-in-chief Alan Plattus, Robert G. Shibley. |
| 246 | 3 | 0 | _aUrban design |
| 264 | 1 |
_aNew York : _bMcGraw-Hill, _c[2003] |
|
| 264 | 4 | _cc2003 | |
| 300 |
_a1 volume (various pagings) : _billustrations ; _c29 cm |
||
| 336 |
_2rdacontent _atext _btxt |
||
| 337 |
_2rdamedia _aunmediated _bn |
||
| 338 |
_2rdacarrier _avolume _bnc |
||
| 504 | _aIncludes bibliographical references and index. | ||
| 650 | 7 |
_aCity planning. _2BUEsh |
|
| 650 | 7 |
_aArchitectural design. _2BUEsh |
|
| 651 | _2BUEsh | ||
| 653 | _bENGARC | ||
| 655 |
_vReading book _934232 |
||
| 700 | 1 |
_aWatson, Donald, _d1937- _eeditor. |
|
| 700 | 1 |
_aPlattus, Alan J., _eeditor. |
|
| 700 | 1 |
_aShibley, Robert G., _eeditor. |
|
| 856 | 4 | 2 |
_3Contributor biographical information _uhttp://www.loc.gov/catdir/bios/mh041/2002038067.html |
| 856 | 4 | 2 |
_3Table of contents _uhttp://www.loc.gov/catdir/toc/mh031/2002038067.html |
| 856 | 4 | 2 |
_3Publisher description _uhttp://www.loc.gov/catdir/enhancements/fy0707/2002038067-d.html |
| 942 |
_cBB _k711.4 TIM _2ddc |
||
| 999 |
_c1894 _d1894 |
||